00342 a2200109 4500001001000000005001700010008004100027245005100068100002100119773007500140999001700215ART_5211720260410161822.0260409a 10aEl allanamiento previo para regularizar deudas1 aVega, Gerardo E.0 tDoctrina Penal Tributaria y Económicag- N° 58 (dic. 2020)wREV4317 c22472d22472